000 00584nam a2200217Ia 4500
003 GCL
008 140319s9999 xx 000 0 eng d
040 _aGCL /
_cGCL
082 0 4 _aCC
_b932
_bD T
100 1 _aLENTHERIC, BERNARD
245 1 0 _aLE TEMPLE DE DENDARA /
_cLENTHERIC, BERNARD
700 1 _aDAUMAS, FRANCOIS
260 _a[S.N] :
_bINSTITUT FRANCAIS D'ARCHEOLOGIE ORIENTAL ،
_c1987
650 0 4 _aANCIENT EGYPT
650 0 4 _aEGYPTOLOGY
650 0 4 _aHIEROGLYPHIC
650 0 4 _aTEMPLES
650 0 4 _aEGYPT - TEMPLES
650 0 4 _aDENDARA, TEMPLE
942 _2ddc
_cBK
999 _c25431
_d25431